000 00742nam a22002057a 4500
003 OSt
005 20140310182024.0
008 130802t xxu||||| |||| 00| 0 eng d
020 _a0153312319
050 _aLB 1573
_b.F239 1989
082 _aTRE 372.4
_bH21t 1989
100 _aFarr, Roger C.
_91029
245 _a Title tutorial program :
_btutor's guide with supervisor's and teacher's manual. Grade 3. Levels 8-9 /
_cRoger C. Farr.
260 _aOrlando :
_bHarcourt Brace Jovanovich, Publishers,
_cc1989.
300 _a167 p. :
_c27 cm.
650 _aReading (Elementary)
_xUnited States.
_97262
650 _a2. English language
_xStudy and teaching (Elementary)
_xUnited States.
_97263
942 _2lcc
_cBK-TR
999 _c8431
_d8431